£100 000 fund to help farmers protect wildlife and manage flood risk (Record no. 83684)

MARC details
000 -LEADER
fixed length control field 01076cad a22002055a 4500
001 - CONTROL NUMBER
control field L154617
008 - FIXED-LENGTH DATA ELEMENTS--GENERAL INFORMATION
fixed length control field 120105e20111228xxk 000 0 eng d
035 ## - SYSTEM CONTROL NUMBER
System control number (Sirsi) u154617
041 0# - LANGUAGE CODE
Language code of text/sound track or separate title eng
110 2# - MAIN ENTRY--CORPORATE NAME
Corporate name or jurisdiction name as entry element United Kingdom
Subordinate unit Department for Environment, Food and Rural Affairs
245 00 - TITLE STATEMENT
Title £100 000 fund to help farmers protect wildlife and manage flood risk
Medium [electronic resource]
260 ## - PUBLICATION, DISTRIBUTION, ETC.
Date of publication, distribution, etc. 2011
490 ## - SERIES STATEMENT
Series statement DEFRA News Release
Volume/sequential designation 28 December 2011
520 ## - SUMMARY, ETC.
Summary, etc. Twelve local Internal Drainage Boards across England have been awarded extra funding to support projects which improve the local natural environment or help protect communities. The £100 000 fund will help reduce the risk of flooding, maintain farmland and create new wildlife habitats.
590 ## - LOCAL NOTE (RLIN)
Local note KA
651 #4 - SUBJECT ADDED ENTRY--GEOGRAPHIC NAME
Geographic name England
Chronological subdivision 886-
690 ## - LOCAL SUBJECT ADDED ENTRY--TOPICAL TERM (OCLC, RLIN)
Topical term or geographic name as entry element ENVIRONMENTAL AND LAND CONSULTANCY-AGRIBUSINESS-AGRICULTURE
856 40 - ELECTRONIC LOCATION AND ACCESS
Uniform Resource Identifier <a href="https://www.defra.gov.uk/news/2011/12/28/100000-fund-to-help-farmers-protect-wildlife-and-manage-flood-risk/">https://www.defra.gov.uk/news/2011/12/28/100000-fund-to-help-farmers-protect-wildlife-and-manage-flood-risk/</a>
Public note View the news release free of charge at www.degra.gov.uk
942 ## - ADDED ENTRY ELEMENTS (KOHA)
Suppress in OPAC 0
Holdings
Withdrawn status Lost status Source of classification or shelving scheme Damaged status Not for loan Home library Current library Shelving location Date acquired Total Checkouts Full call number Barcode Date last seen Copy number Price effective from Koha item type
    Dewey Decimal Classification     Virtual Virtual Online 05/01/2012   ONLINE PUBLICATION 154617-2001 06/08/2019 1 06/08/2019 Online material